000 00420nam a2200169Ia 4500
005 20250603145714.0
008 250603s9999 xx 000 0 und d
020 _a978 978 8135 38 8
100 _aAliyu, Mu’azu Babangida
245 0 _aSelected speeches of the chief servant of Niger State
260 _aBookCraft
260 _bIbadan
260 _c2009
300 _a150 p
650 _aBookCraft
942 _cBK
999 _c42612
_d42612